[Event "36th Zalakaros Festival 2017"]
[Site "Zalakaros"]
[Date "2017.05.20"]
[Round "3"]
[White "Arman, Deniz"]
[Black "Rakesh Kumar Jena"]
[Result "1-0"]
[WhiteElo "2377"]
[BlackElo "2288"]
[Annotator "NA RC"]
[PlyCount "143"]
[EventDate "2017.??.??"]
[EventType "swiss"]
[EventCountry "HUN"]
[SourceTitle "playchess.com"]
[Source "ChessBase"]
[SourceQuality "1"]
[TimeControl "40/5400+30:1800+30"]

1. e4 {[%emt 0:01:25]} c5 {[%emt 0:04:22]} 2. d4 {[%emt 0:00:16]} cxd4 {[%emt 0:00:06]} 3. c3 {[%emt 0:00:06]} d5 {[%emt 0:03:58]} 4. exd5 {[%emt 0:00:06]} Qxd5 {[%emt 0:00:05]} 5. cxd4 {[%emt 0:00:18]} e5 {[%emt 0:00:10]} 6. Nf3 {[%emt 0:00:31]} Nc6 {[%emt 0:00:13]} 7. Nc3 {[%emt 0:00:10]} Bb4 {[%emt 0:00:06]} 8. Bd2 {[%emt 0:00:09]} Bxc3 {[%emt 0:00:06]} 9. Bxc3 {[%emt 0:00:05]} e4 {[%emt 0:00:07]} 10. Ne5 {[%emt 0:00:19]} Nxe5 {[%emt 0:00:08]} 11. dxe5 {[%emt 0:00:05]} Ne7 {[%emt 0:00:04]} 12. Qe2 {[%emt 0:00:24]} O-O {[%emt 0:00:09]} 13. Rd1 {[%emt 0:00:19]} Qxa2 {[%emt 0:00:06]} 14. Bb4 {[%emt 0:01:35]} Qe6 {[%emt 0:00:06]} 15. Qxe4 {[%emt 0:00:25]} Re8 {[%emt 0:00:30]} 16. Bb5 {[%emt 0:01:38]} Nc6 {[%emt 0:00:41]} 17. O-O {[%emt 0:01:08]} Qg6 {[%emt 0:01:58]} 18. Qe3 {[%emt 0:10:57]} Bf5 {[%emt 0:16:30]} 19. Rd6 {[%emt 0:24:29]} Rxe5 {[%emt 0:15:18]} 20. Rxg6 {[%emt 0:03:47]} hxg6 {[%emt 0:00:06]} 21. Qg3 {[%emt 0:03:38]} Rxb5 {[%emt 0:00:08]} 22. Bc3 {[%emt 0:00:03]} Rd5 {[%emt 0:01:46]} 23. Qc7 {[%emt 0:08:11]} Rd7 {[%emt 0:00:47]} 24. Qf4 {[%emt 0:00:04]} Re8 {[%emt 0:03:45]} 25. f3 {[%emt 0:04:48]} b5 {[%emt 0:09:21]} 26. g4 {[%emt 0:14:52]} Bd3 {[%emt 0:06:22]} 27. Re1 {[%emt 0:06:35]} Rxe1+ {[%emt 0:00:14]} 28. Bxe1 {[%emt 0:00:02]} Bc4 {[%emt 0:02:53]} 29. Bc3 {[%emt 0:02:14]} Be6 {[%emt 0:02:04]} 30. Qe4 {[%emt 0:03:39]} b4 {[%emt 0:02:55]} 31. Qxc6 {[%emt 0:11:08]} bxc3 {[%emt 0:00:08]} 32. Qxc3 {[%emt 0:00:33]} Rb7 {[%emt 0:00:25]} 33. b4 {[%emt 0:00:08]} Rb5 {[%emt 0:02:39]} 34. Qd4 {[%emt 0:00:54]} Kh7 {[%emt 0:01:44]} 35. Qc3 {[%emt 0:00:30]} a6 {[%emt 0:00:27]} 36. Kf2 {[%emt 0:00:17]} Kg8 {[%emt 0:00:16]} 37. h4 {[%emt 0:00:41]} Kh7 {[%emt 0:00:58]} 38. Kg3 {[%emt 0:00:18]} Kg8 {[%emt 0:01:15]} 39. Qa3 {[%emt 0:00:07]} Kh7 {[%emt 0:01:06]} 40. Qc3 {[%emt 0:00:00]} Kg8 {[%emt 0:00:53]} 41. Qe1 {[%emt 0:04:06]} Kh7 {[%emt 0:01:57]} 42. f4 {[%emt 0:08:13]} Kg8 {[%emt 0:00:58]} 43. Qe4 {[%emt 0:00:09]} Rd5 {[%emt 0:03:40]} 44. h5 {[%emt 0:01:27]} gxh5 {[%emt 0:15:10]} 45. f5 {[%emt 0:00:09]} Rd6 {[%emt 0:00:11]} 46. fxe6 {[%emt 0:05:17]} Rxe6 {[%emt 0:00:08]} 47. Qa8+ {[%emt 0:00:17]} Kh7 {[%emt 0:00:05]} 48. gxh5 {[%emt 0:06:29]} Rf6 {[%emt 0:00:52]} 49. Qb7 {[%emt 0:01:42]} Kg8 {[%emt 0:02:16]} 50. Kg4 {[%emt 0:01:20]} Re6 {[%emt 0:00:37]} 51. Kf4 {[%emt 0:04:46]} Rf6+ {[%emt 0:06:19]} 52. Kg5 {[%emt 0:00:05]} Re6 {[%emt 0:00:05]} 53. Qc7 {[%emt 0:00:10]} Re8 {[%emt 0:01:14]} 54. Qb7 {[%emt 0:01:25]} Re5+ {[%emt 0:01:25]} 55. Kg4 {[%emt 0:00:11]} Re6 {[%emt 0:00:04]} 56. Kf3 {[%emt 0:00:39]} Rf6+ {[%emt 0:00:13]} 57. Ke4 {[%emt 0:00:06]} Kh7 {[%emt 0:00:52]} 58. Kd3 {[%emt 0:00:33]} Rd6+ {[%emt 0:05:03]} 59. Kc3 {[%emt 0:00:24]} f5 {[%emt 0:00:43]} 60. Qf3 {[%emt 0:01:10]} Rf6 {[%emt 0:00:26]} 61. Qf4 {[%emt 0:00:02]} Kg8 {[%emt 0:01:51]} 62. Kd3 {[%emt 0:00:03]} Kh7 {[%emt 0:17:08]} 63. Ke3 {[%emt 0:00:04]} Kg8 {[%emt 0:00:08]} 64. Kf3 {[%emt 0:00:04]} Kh7 {[%emt 0:00:15]} 65. Kg3 {[%emt 0:00:45]} Kg8 {[%emt 0:01:44]} 66. Kh4 {[%emt 0:00:33]} Kh7 {[%emt 0:00:06]} 67. Kg5 {[%emt 0:00:09]} Kh8 {[%emt 0:03:15]} 68. Qb8+ {[%emt 0:00:17]} Kh7 {[%emt 0:00:05]} 69. Kf4 {[%emt 0:00:07]} Rh6 {[%emt 0:00:51]} 70. Qe8 {[%emt 0:00:27]} Rb6 {[%emt 0:00:11]} 71. Qf8 {[%emt 0:01:20]} Rb5 {[%emt 0:00:34]} 72. Qd6 {[%emt 0:00:11]} 1-0

[Event "36th Zalakaros Festival 2017"]
[Site "Zalakaros"]
[Date "2017.05.20"]
[Round "3"]
[White "Papp, Petra"]
[Black "Sankalp Gupta"]
[Result "1/2-1/2"]
[WhiteElo "2371"]
[BlackElo "2269"]
[Annotator "NA RC"]
[PlyCount "108"]
[EventDate "2017.??.??"]
[EventType "swiss"]
[EventCountry "HUN"]
[SourceTitle "playchess.com"]
[Source "ChessBase"]
[SourceQuality "1"]
[TimeControl "40/5400+30:1800+30"]

1. Nf3 {[%emt 0:00:07]} Nf6 {[%emt 0:07:21]} 2. c4 {[%emt 0:00:40]} g6 {[%emt 0:00:51]} 3. Nc3 {[%emt 0:01:34]} c5 {[%emt 0:00:25]} 4. d4 {[%emt 0:04:00]} cxd4 {[%emt 0:00:03]} 5. Nxd4 {[%emt 0:00:36]} Bg7 {[%emt 0:00:10]} 6. e4 {[%emt 0:02:10]} d6 {[%emt 0:00:02]} 7. Be2 {[%emt 0:01:29]} O-O {[%emt 0:00:09]} 8. O-O {[%emt 0:01:13]} b6 {[%emt 0:00:02]} 9. Be3 {[%emt 0:01:20]} Bb7 {[%emt 0:00:04]} 10. f3 {[%emt 0:01:35]} Nbd7 {[%emt 0:02:41]} 11. Qd2 {[%emt 0:02:45]} Re8 {[%emt 0:01:00]} 12. Rac1 {[%emt 0:03:22]} Rc8 {[%emt 0:01:57]} 13. Rfd1 {[%emt 0:01:15]} h5 {[%emt 0:09:03]} 14. Qe1 {[%emt 0:09:44]} Qc7 {[%emt 0:03:46]} 15. Nd5 {[%emt 0:04:37]} Qb8 {[%emt 0:01:14]} 16. Qg3 {[%emt 0:02:27]} Kh7 {[%emt 0:02:26]} 17. b3 {[%emt 0:02:52]} Nc5 {[%emt 0:13:50]} 18. Qh4 {[%emt 0:05:09]} Kg8 {[%emt 0:05:40]} 19. Bg5 {[%emt 0:05:58]} Ncd7 {[%emt 0:04:05]} 20. Nb5 {[%emt 0:09:09]} Nxd5 {[%emt 0:06:47]} 21. exd5 {[%emt 0:06:39]} e5 {[%emt 0:08:48]} 22. dxe6 {[%emt 0:03:51]} Rxe6 {[%emt 0:01:31]} 23. Bf1 {[%emt 0:00:45]} a6 {[%emt 0:02:35]} 24. Nc3 {[%emt 0:02:16]} Rce8 {[%emt 0:00:46]} 25. Nd5 {[%emt 0:01:06]} Ne5 {[%emt 0:03:01]} 26. Qf2 {[%emt 0:03:51]} f6 {[%emt 0:05:47]} 27. Bd2 {[%emt 0:01:10]} Bxd5 {[%emt 0:04:48]} 28. cxd5 {[%emt 0:00:06]} R6e7 {[%emt 0:00:03]} 29. a4 {[%emt 0:05:16]} b5 {[%emt 0:00:57]} 30. a5 {[%emt 0:00:50]} f5 {[%emt 0:04:55]} 31. Bg5 {[%emt 0:04:04]} Rf7 {[%emt 0:01:25]} 32. Rc2 {[%emt 0:03:31]} Bf6 {[%emt 0:02:39]} 33. Bxf6 {[%emt 0:04:00]} Rxf6 {[%emt 0:00:33]} 34. Rdc1 {[%emt 0:00:13]} Rf7 {[%emt 0:03:17]} 35. Qd4 {[%emt 0:04:52]} f4 {[%emt 0:03:21]} 36. Bd3 {[%emt 0:02:14]} h4 {[%emt 0:01:51]} 37. Be4 {[%emt 0:00:43]} Qa7 {[%emt 0:00:33]} 38. Qxa7 {[%emt 0:00:51]} Rxa7 {[%emt 0:00:02]} 39. Rc7 {[%emt 0:00:27]} Rea8 {[%emt 0:00:41]} 40. Kf2 {[%emt 0:00:00]} Kf8 {[%emt 0:00:32]} 41. g3 {[%emt 0:10:05]} hxg3+ {[%emt 0:02:15]} 42. hxg3 {[%emt 0:00:05]} g5 {[%emt 0:00:27]} 43. gxf4 {[%emt 0:02:02]} gxf4 {[%emt 0:00:03]} 44. Ke2 {[%emt 0:05:58]} Ke8 {[%emt 0:00:47]} 45. Rxa7 {[%emt 0:02:56]} Rxa7 {[%emt 0:00:57]} 46. Rh1 {[%emt 0:00:19]} Rg7 {[%emt 0:01:35]} 47. Rh8+ {[%emt 0:03:49]} Kd7 {[%emt 0:01:47]} 48. Ra8 {[%emt 0:00:47]} Rg2+ {[%emt 0:00:08]} 49. Ke1 {[%emt 0:02:24]} Rb2 {[%emt 0:00:39]} 50. Ra7+ {[%emt 0:00:24]} Kc8 {[%emt 0:01:05]} 51. Rxa6 {[%emt 0:01:13]} Kc7 {[%emt 0:04:03]} 52. Ra7+ {[%emt 0:00:56]} Kb8 {[%emt 0:00:44]} 53. Ra6 {[%emt 0:01:40]} Kc7 {[%emt 0:00:18]} 54. Ra7+ {[%emt 0:00:31]} Kb8 {[%emt 0:01:56]} 1/2-1/2

[Event "36th Zalakaros Festival 2017"]
[Site "Zalakaros"]
[Date "2017.05.20"]
[Round "3"]
[White "Li, Bo"]
[Black "Studer, Noel"]
[Result "1-0"]
[WhiteElo "2359"]
[BlackElo "2498"]
[Annotator "TA"]
[PlyCount "71"]
[EventDate "2017.??.??"]
[EventType "swiss"]
[EventCountry "HUN"]
[SourceTitle "playchess.com"]
[Source "ChessBase"]
[SourceQuality "1"]

{[%evp 22,71,12,3,34,27,63,14,50,8,29,20,35,20,18,25,19,17,27,16,22,18,24,-8,0,0,0,0,2,-10,-13,-13,-12,-13,-12,-34,-6,-6,-12,-10,0,0,77,72,91,91,93,93,93,88,522,522]} 1. d4 d5 2. c4 dxc4 3. Nf3 e6 4. e3 a6 5. a4 c5 6. Bxc4 Nf6 7. O-O Nc6 8. Nc3 cxd4 9. exd4 Be7 10. d5 exd5 11. Nxd5 Nxd5 12. Bxd5 {LiveBook: 8 Games. D27: Queen's Gambit Accepted: Classical main line: 7 e4!? and 7 a4} Nb4 (12... O-O 13. Be3 Nb4 14. Bb3 Bf5 15. Nd4 Bd3 16. Re1 Bf6 17. Qd2 a5 18. Nb5 Bc2 19. Bc4 Bxb2 20. Rad1 Bxd1 21. Qxb2 Rc8 22. Qc3 Nd5 23. Bxd5 Rxc3 24. Nxc3 Bxa4 25. Ba2 Bc6 {0-1 (25) Lysyj,I (2617)-Naiditsch,A (2697) Mainz 2009}) 13. Be4 O-O {[#]} 14. Be3 $146 {White is slightly better.} ({Predecessor:} 14. Bd2 a5 15. Bc3 Ra6 16. Qe2 f5 17. Rad1 Qe8 18. Bb1 Bf6 19. Qxe8 Rxe8 {½-½ (39) Damljanovic,B (2587)-Szabo,G (2506) Budva 2009}) 14... Qa5 15. Qd4 Be6 16. Bxb7 Rad8 17. Qe5 Qxe5 18. Nxe5 Rb8 {[%cal Bd8b8,Bb8b7,Bb7e7][%mdl 32]} 19. Be4 f5 20. Bb1 Rfd8 21. Nf3 Bf6 22. Ng5 Bc8 23. Bf4 Rb7 {aiming for ...h6.} 24. Ra3 Bxb2 25. Rb3 (25. Re3 $5 {[%cal Rf1e1]} g6 26. Rfe1 $11) 25... Bf6 26. Re1 Re7 {[%cal Re7e1] [#]} 27. Rc1 a5 28. h3 h6 29. Nf3 $1 $40 {[%mdl 128] White is up to no good.} Be6 30. Re3 Nd5 31. Rd3 $1 Bb2 (31... Bf7 $11 {keeps the balance.}) 32. Rc5 $16 {Ba2 is the strong threat.} Ree8 33. Bd2 Nf6 34. Rxd8 Rxd8 35. Bxf5 Bb3 $2 {[%mdl 8192] [#]} (35... Bxf5 $16 36. Rxf5 Ne4) 36. Rb5 {Precision: White = 56%, Black = 44%.} 1-0

[Event "36th Zalakaros Festival 2017"]
[Site "Zalakaros"]
[Date "2017.05.20"]
[Round "3"]
[White "Rudolf, Michal"]
[Black "Karacsonyi, Gellert"]
[Result "1-0"]
[WhiteElo "2340"]
[BlackElo "2189"]
[Annotator "NA"]
[PlyCount "89"]
[EventDate "2017.??.??"]
[EventType "swiss"]
[EventCountry "HUN"]
[SourceTitle "playchess.com"]
[Source "ChessBase"]
[SourceQuality "1"]
[TimeControl "40/5400+30:1800+30"]

1. d4 {[%emt 0:00:05]} Nf6 {[%emt 0:00:36]} 2. c4 {[%emt 0:00:15]} e6 {[%emt 0:00:06]} 3. Nc3 {[%emt 0:00:05]} Bb4 {[%emt 0:00:08]} 4. Qc2 {[%emt 0:00:06]} O-O {[%emt 0:00:33]} 5. a3 {[%emt 0:00:06]} Bxc3+ {[%emt 0:00:13]} 6. Qxc3 {[%emt 0:00:01]} d5 {[%emt 0:02:11]} 7. Bg5 {[%emt 0:01:09]} dxc4 {[%emt 0:01:06]} 8. Qxc4 {[%emt 0:00:17]} b6 {[%emt 0:01:43]} 9. Nf3 {[%emt 0:00:47]} Ba6 {[%emt 0:01:46]} 10. Qa4 {[%emt 0:00:14]} Qd7 {[%emt 0:12:52]} 11. Qc2 {[%emt 0:14:01]} Rc8 {[%emt 0:04:20]} 12. Bxf6 {[%emt 0:08:08]} gxf6 {[%emt 0:00:20]} 13. Rd1 {[%emt 0:04:46]} Qc6 {[%emt 0:13:10]} 14. Qxc6 {[%emt 0:09:22]} Nxc6 {[%emt 0:00:02]} 15. g3 {[%emt 0:00:23]} Ne7 {[%emt 0:04:19]} 16. e3 {[%emt 0:18:21]} Bxf1 {[%emt 0:02:23]} 17. Rxf1 {[%emt 0:00:07]} c5 {[%emt 0:00:37]} 18. Ke2 {[%emt 0:01:28]} cxd4 {[%emt 0:08:58]} 19. Nxd4 {[%emt 0:00:10]} e5 {[%emt 0:08:42]} 20. Nb5 {[%emt 0:00:32]} Rc2+ {[%emt 0:01:04]} 21. Rd2 {[%emt 0:00:05]} Rxd2+ {[%emt 0:00:35]} 22. Kxd2 {[%emt 0:00:01]} Rd8+ {[%emt 0:03:15]} 23. Ke2 {[%emt 0:01:47]} a6 {[%emt 0:01:52]} 24. Nc3 {[%emt 0:00:11]} Nd5 {[%emt 0:01:01]} 25. Rc1 {[%emt 0:00:26]} Nxc3+ {[%emt 0:02:47]} 26. Rxc3 {[%emt 0:00:02]} Rd6 {[%emt 0:00:13]} 27. g4 {[%emt 0:06:44]} b5 {[%emt 0:01:08]} 28. Rc7 {[%emt 0:01:23]} Kg7 {[%emt 0:04:19]} 29. Ra7 {[%emt 0:04:43]} b4 {[%emt 0:07:37]} 30. axb4 {[%emt 0:14:16]} Rb6 {[%emt 0:01:03]} 31. Kd3 {[%emt 0:02:49]} Rxb4 {[%emt 0:00:11]} 32. Kc3 {[%emt 0:00:03]} Rb6 {[%emt 0:06:16]} 33. b4 {[%emt 0:00:23]} Kg6 {[%emt 0:04:02]} 34. h3 {[%emt 0:00:21]} Rd6 {[%emt 0:03:17]} 35. Kc4 {[%emt 0:00:34]} h6 {[%emt 0:01:44]} 36. Kc5 {[%emt 0:00:41]} Re6 {[%emt 0:01:30]} 37. Rb7 {[%emt 0:01:01]} Re8 {[%emt 0:01:31]} 38. Rb6 {[%emt 0:01:27]} Ra8 {[%emt 0:00:07]} 39. Kc6 {[%emt 0:00:20]} Ra7 {[%emt 0:00:44]} 40. Rb7 {[%emt 0:00:00]} Ra8 {[%emt 0:00:06]} 41. Kb6 {[%emt 0:00:42]} e4 {[%emt 0:02:02]} 42. Ka5 {[%emt 0:02:48]} Rd8 {[%emt 0:01:08]} 43. Kxa6 {[%emt 0:00:23]} Rd6+ {[%emt 0:05:50]} 44. Ka5 {[%emt 0:00:19]} Rd2 {[%emt 0:09:24]} 45. Re7 {[%emt 0:00:33]} 1-0

[Event "36th Zalakaros Festival 2017"]
[Site "Zalakaros"]
[Date "2017.05.20"]
[Round "3"]
[White "Raja Harshit"]
[Black "Zubov, Alexander"]
[Result "0-1"]
[WhiteElo "2334"]
[BlackElo "2604"]
[Annotator "TA"]
[PlyCount "72"]
[EventDate "2017.??.??"]
[EventType "swiss"]
[EventCountry "HUN"]
[SourceTitle "playchess.com"]
[Source "ChessBase"]
[SourceQuality "1"]

{[%evp 16,72,33,24,85,15,41,60,61,62,42,9,14,0,54,-3,-18,0,-14,-27,-18,-89,-87,-123,-119,-130,-129,-248,-249,-259,-254,-266,-252,-266,-254,-265,-271,-266,-267,-258,-255,-262,-253,-312,-302,-324,-320,-319,-307,-310,-278,-329,-329,-340,-337,-344,-344,-438,-448]} 1. e4 Nc6 2. Nf3 d6 3. d4 Nf6 4. Nc3 g6 5. Be2 Bg7 6. O-O O-O 7. d5 Nb8 8. h3 c6 9. a4 {LiveBook: 14 Games. B08: Pirc Defence: Classical System} (9. Bg5 h6 10. Be3 Nbd7 11. Qd2 Kh7 12. Rfe1 Qc7 13. Bf1 a6 14. a4 b6 15. Bd4 Bb7 16. Rad1 Rad8 {½-½ (51) Matlakov,M (2676)-Mamedyarov,S (2775) Tromsoe 2013}) 9... b6 (9... Nbd7 $11 {remains equal.}) 10. Bg5 ({Better is} 10. Nd4 $16) 10... h6 $146 ({Predecessor:} 10... Bb7 11. Re1 Nbd7 12. Qd2 Rc8 13. Bf1 Re8 14. Rad1 cxd5 15. exd5 Rc5 16. Nd4 a6 {1-0 (29) Illingworth,M (2465)-Bachmann,A (2645) Douglas 2016}) 11. Be3 {White is slightly better.} Bb7 12. Qd2 Kh7 13. Nd4 (13. a5 $5) 13... Qc8 {[%cal Rc6d5]} 14. Nb3 Na6 (14... cxd5 $11 15. exd5 Na6) 15. a5 ({White should try} 15. dxc6 $1 $14 Bxc6 16. f3) 15... cxd5 $11 16. exd5 Nc7 {[%cal Rf6d5]} 17. Bf3 b5 18. Bd4 (18. a6 $11 Bxa6 19. Rfb1) 18... e5 $1 $17 {[%cal Re5d4]} 19. dxe6 {aiming for Bxb7.} Bxf3 20. e7 Re8 {Hoping for ...Bc6.} 21. Qf4 {[#]} (21. gxf3 $17 {was called for.} Qxh3 22. Bxf6 Bxf6 23. Qxd6) 21... Bxg2 $1 $19 {[%mdl 512]} 22. Kxg2 Ne6 23. Qxd6 {[#]} Ng5 $1 24. Qg3 (24. Bxf6 $2 Qxh3+ 25. Kg1 Nf3#) 24... Qc6+ ({Much less strong is} 24... Rxe7 25. f4 $19) 25. f3 b4 (25... Rxe7 26. h4 $19) 26. Bxf6 Bxf6 27. Ne4 Nxe4 28. fxe4 Rxe7 29. Qf3 Bxb2 30. Rad1 Bg7 ({But not} 30... Qxc2+ 31. Rd2) 31. e5 Qxf3+ 32. Rxf3 Rc8 ({Not} 32... Rxe5 33. Rxf7 Rf5 34. Rb7 $15) 33. Nd4 Bxe5 34. Re1 f6 35. Rf2 Kg7 36. Rfe2 Kf7 {Precision: White = 28%, Black = 73%.} 0-1

[Event "36th Zalakaros Festival 2017"]
[Site "Zalakaros"]
[Date "2017.05.20"]
[Round "3"]
[White "Gara, Ticia"]
[Black "Szalanczy, Emil"]
[Result "1-0"]
[WhiteElo "2329"]
[BlackElo "2230"]
[Annotator "NA"]
[PlyCount "79"]
[EventDate "2017.??.??"]
[EventType "swiss"]
[EventCountry "HUN"]
[SourceTitle "playchess.com"]
[Source "ChessBase"]
[SourceQuality "1"]
[TimeControl "40/5400+30:1800+30"]

1. e4 {[%emt 0:03:30]} c5 {[%emt 0:00:36]} 2. Nf3 {[%emt 0:00:14]} d6 {[%emt 0:00:01]} 3. d4 {[%emt 0:00:27]} cxd4 {[%emt 0:00:03]} 4. Nxd4 {[%emt 0:00:09]} Nf6 {[%emt 0:00:03]} 5. Nc3 {[%emt 0:00:14]} g6 {[%emt 0:00:02]} 6. Be3 {[%emt 0:00:39]} Bg7 {[%emt 0:00:02]} 7. f3 {[%emt 0:00:17]} Nc6 {[%emt 0:00:02]} 8. Qd2 {[%emt 0:00:26]} O-O {[%emt 0:00:03]} 9. g4 {[%emt 0:00:12]} Nxd4 {[%emt 0:00:03]} 10. Bxd4 {[%emt 0:00:06]} Qa5 {[%emt 0:00:08]} 11. h4 {[%emt 0:02:05]} Be6 {[%emt 0:00:12]} 12. h5 {[%emt 0:00:46]} Rfc8 {[%emt 0:00:08]} 13. a3 {[%emt 0:01:40]} a6 {[%emt 0:03:13]} 14. h6 {[%emt 0:03:30]} Bh8 {[%emt 0:14:02]} 15. g5 {[%emt 0:01:47]} Nd7 {[%emt 0:10:56]} 16. f4 {[%emt 0:04:09]} Bxd4 {[%emt 0:26:12]} 17. Qxd4 {[%emt 0:01:19]} f6 {[%emt 0:00:03]} 18. O-O-O {[%emt 0:20:04]} Qc5 {[%emt 0:06:35]} 19. gxf6 {[%emt 0:11:59]} Nxf6 {[%emt 0:01:39]} 20. e5 {[%emt 0:01:07]} dxe5 {[%emt 0:07:43]} 21. Qxe5 {[%emt 0:11:37]} Qxe5 {[%emt 0:01:27]} 22. fxe5 {[%emt 0:00:03]} Nh5 {[%emt 0:02:41]} 23. Bg2 {[%emt 0:01:34]} Ra7 {[%emt 0:07:17]} 24. Rd4 {[%emt 0:07:12]} b5 {[%emt 0:04:49]} 25. Rhd1 {[%emt 0:01:25]} Rac7 {[%emt 0:01:35]} 26. Rd8+ {[%emt 0:01:26]} Kf7 {[%emt 0:00:08]} 27. Rxc8 {[%emt 0:11:20]} Bxc8 {[%emt 0:02:33]} 28. Bd5+ {[%emt 0:02:54]} e6 {[%emt 0:00:46]} 29. Bf3 {[%emt 0:01:27]} Ng3 {[%emt 0:02:36]} 30. Rd8 {[%emt 0:03:00]} g5 {[%emt 0:03:04]} 31. Ne4 {[%emt 0:00:56]} g4 {[%emt 0:01:35]} 32. Nd6+ {[%emt 0:01:02]} Kg6 {[%emt 0:00:07]} 33. Bxg4 {[%emt 0:00:41]} Bb7 {[%emt 0:01:55]} 34. Bxe6 {[%emt 0:01:25]} Kxh6 {[%emt 0:01:51]} 35. Rd7 {[%emt 0:00:44]} Rxd7 {[%emt 0:01:36]} 36. Bxd7 {[%emt 0:00:03]} Bf3 {[%emt 0:00:20]} 37. e6 {[%emt 0:01:15]} Bg4 {[%emt 0:00:10]} 38. Bc8 {[%emt 0:00:46]} Nf5 {[%emt 0:02:31]} 39. Nxf5+ {[%emt 0:00:30]} Bxf5 {[%emt 0:00:03]} 40. e7 {[%emt 0:00:00]} 1-0

[Event "36th Zalakaros Festival 2017"]
[Site "Zalakaros"]
[Date "2017.05.20"]
[Round "3"]
[White "Tate, Alan"]
[Black "Varga, Klara"]
[Result "1/2-1/2"]
[WhiteElo "2320"]
[BlackElo "2240"]
[Annotator "NA"]
[PlyCount "108"]
[EventDate "2017.??.??"]
[EventType "swiss"]
[EventCountry "HUN"]
[SourceTitle "playchess.com"]
[Source "ChessBase"]
[SourceQuality "1"]
[TimeControl "40/5400+30:1800+30"]

1. Nf3 {[%emt 0:00:05]} Nf6 {[%emt 0:03:27]} 2. g3 {[%emt 0:00:09]} d5 {[%emt 0:00:07]} 3. Bg2 {[%emt 0:00:19]} c6 {[%emt 0:00:09]} 4. O-O {[%emt 0:01:01]} Bg4 {[%emt 0:00:10]} 5. c4 {[%emt 0:04:03]} Nbd7 {[%emt 0:00:08]} 6. d4 {[%emt 0:01:13]} e6 {[%emt 0:00:43]} 7. h3 {[%emt 0:00:48]} Bh5 {[%emt 0:01:30]} 8. cxd5 {[%emt 0:00:47]} cxd5 {[%emt 0:00:15]} 9. Qb3 {[%emt 0:10:31]} Qb6 {[%emt 0:00:19]} 10. Bf4 {[%emt 0:09:38]} Be7 {[%emt 0:02:43]} 11. g4 {[%emt 0:05:25]} Bg6 {[%emt 0:00:06]} 12. Rc1 {[%emt 0:01:16]} Ne4 {[%emt 0:02:44]} 13. Na3 {[%emt 0:17:22]} Bd6 {[%emt 0:01:32]} 14. Bxd6 {[%emt 0:07:39]} Nxd6 {[%emt 0:00:54]} 15. Ne5 {[%emt 0:01:43]} Qxb3 {[%emt 0:02:06]} 16. axb3 {[%emt 0:00:03]} f6 {[%emt 0:00:09]} 17. Nxg6 {[%emt 0:01:15]} hxg6 {[%emt 0:03:09]} 18. Nc2 {[%emt 0:02:43]} Ke7 {[%emt 0:10:00]} 19. Nb4 {[%emt 0:00:03]} a6 {[%emt 0:00:24]} 20. Rc7 {[%emt 0:09:55]} Rhc8 {[%emt 0:01:32]} 21. Rac1 {[%emt 0:00:21]} Kd8 {[%emt 0:10:32]} 22. Rxc8+ {[%emt 0:00:46]} Rxc8 {[%emt 0:00:02]} 23. Rxc8+ {[%emt 0:03:56]} Kxc8 {[%emt 0:00:03]} 24. Nd3 {[%emt 0:02:44]} g5 {[%emt 0:00:35]} 25. e3 {[%emt 0:08:36]} a5 {[%emt 0:05:53]} 26. Kf1 {[%emt 0:01:02]} b6 {[%emt 0:01:35]} 27. Ke2 {[%emt 0:00:34]} Nb8 {[%emt 0:01:05]} 28. f4 {[%emt 0:03:30]} gxf4 {[%emt 0:00:37]} 29. Nxf4 {[%emt 0:01:07]} Kd7 {[%emt 0:00:10]} 30. Nh5 {[%emt 0:00:11]} Ne8 {[%emt 0:00:05]} 31. e4 {[%emt 0:02:34]} Nc6 {[%emt 0:01:54]} 32. Ke3 {[%emt 0:00:46]} Nb4 {[%emt 0:04:32]} 33. Bf1 {[%emt 0:00:30]} Kc6 {[%emt 0:16:07]} 34. Nf4 {[%emt 0:00:13]} Kd6 {[%emt 0:00:26]} 35. Nh5 {[%emt 0:02:55]} g6 {[%emt 0:00:26]} 36. Ng3 {[%emt 0:00:47]} e5 {[%emt 0:00:32]} 37. dxe5+ {[%emt 0:00:46]} Kxe5 {[%emt 0:00:14]} 38. exd5 {[%emt 0:00:31]} Nxd5+ {[%emt 0:00:02]} 39. Kf3 {[%emt 0:00:28]} Nd6 {[%emt 0:00:52]} 40. h4 {[%emt 0:00:00]} Nf4 {[%emt 0:04:25]} 41. h5 {[%emt 0:04:57]} f5 {[%emt 0:00:22]} 42. hxg6 {[%emt 0:04:37]} Nxg6 {[%emt 0:04:18]} 43. Nxf5 {[%emt 0:02:31]} Nxf5 {[%emt 0:00:07]} 44. gxf5 {[%emt 0:00:05]} Nh4+ {[%emt 0:00:06]} 45. Ke3 {[%emt 0:00:25]} Nxf5+ {[%emt 0:00:02]} 46. Kd3 {[%emt 0:00:28]} Kd5 {[%emt 0:00:10]} 47. Kc3 {[%emt 0:00:47]} Kc5 {[%emt 0:00:13]} 48. Bc4 {[%emt 0:00:34]} Nd6 {[%emt 0:01:15]} 49. Bg8 {[%emt 0:01:45]} Nb5+ {[%emt 0:00:58]} 50. Kd3 {[%emt 0:00:05]} Kb4 {[%emt 0:01:18]} 51. Bf7 {[%emt 0:01:13]} Nd6 {[%emt 0:05:24]} 52. Bg8 {[%emt 0:00:35]} Nb7 {[%emt 0:00:06]} 53. Bd5 {[%emt 0:00:21]} Nc5+ {[%emt 0:00:06]} 54. Kc2 {[%emt 0:00:03]} Nd7 {[%emt 0:07:14]} 1/2-1/2